[Event "C.to Provinciale AT"]
[Site "Asti ITA"]
[Date "2007.03.25"]
[Round "6"]
[White "Torrisi, Andrea"]
[Black "Torrione, William"]
[Result "1/2-1/2"]
[WhiteElo "1843"]
[BlackElo "1922"]
[PlyCount "149"]
[EventDate "2007.03.22"]

1. d4 d5 2. c4 c6 3. Nf3 Nf6 4. e3 Bf5 5. Qb3 Qc7 6. Nc3 e6 7. Bd2 Nbd7 8. Rc1
Qb6 9. Nh4 Qxb3 10. axb3 Bg6 11. Nxg6 hxg6 12. Bd3 Bd6 13. f4 a6 14. Ra1 Nf8
15. h3 Nh5 16. g4 Ng3 17. Rh2 f5 18. Kf2 Ne4+ 19. Nxe4 fxe4 20. Be2 g5 21. Rhh1
gxf4 22. exf4 Ng6 23. Kg3 Kd7 24. c5 Be7 25. f5 exf5 26. gxf5 Nh4 27. Bg4 Bf6
28. Be3 Raf8 29. Ra4 Rf7 30. Rha1 Re7 31. Rb4 Kc8 32. Bf4 e3 33. Rxa6 bxa6 34.
Rb8+ Kd7 35. Rb7+ Ke8 36. Rb8+ Kf7 37. Rxh8 e2 38. Bh5+ g6 39. Rh7+ Bg7 40.
Bxe2 Nxf5+ 41. Kf2 Kg8 42. Rxg7+ Kxg7 43. Be5+ Rxe5 44. dxe5 Kf7 45. Bxa6 Ke6
46. Bb7 Ne7 47. Ba6 Kxe5 48. Bd3 Kd4 49. Ke2 Kxc5 50. Ke3 g5 51. Kf3 Ng8 52.
Kg4 Kd4 53. Bb1 Nf6+ 54. Kxg5 Ne4+ 55. Kf4 Nf6 56. h4 Nh5+ 57. Kg5 Ng3 58. Kg4
Ne4 59. Bxe4 dxe4 60. h5 e3 61. h6 e2 62. h7 e1=Q 63. h8=Q+ Kd3 64. Qh3+ Kd4
65. Qh8+ Qe5 66. Qxe5+ Kxe5 67. Kf3 Kd4 68. Ke2 Kc5 69. Kd2 Kb4 70. Kc2 c5 71.
Kb1 Kxb3 72. Kc1 Kb4 73. Kc2 Kc4 74. Kc1 Kd3 75. Kd1 1/2-1/2

[Event "C.to Provinciale AT"]
[Site "Asti ITA"]
[Date "2007.03.25"]
[Round "6"]
[White "Trangoni, Bruno"]
[Black "Porzio, Massimo"]
[Result "1-0"]
[WhiteElo "1970"]
[BlackElo "1888"]
[PlyCount "59"]
[EventDate "2007.03.22"]

1. Nf3 Nf6 2. d4 d5 3. e3 c6 4. Bd3 Bg4 5. Nbd2 Nbd7 6. c4 dxc4 7. Bxc4 e5 8.
Qb3 Qb6 9. Bxf7+ Kd8 10. dxe5 Qxb3 11. Bxb3 Nd5 12. O-O Be7 13. h3 Bh5 14. e4
Nf4 15. Nc4 Nxh3+ 16. Kh2 Bxf3 17. gxf3 Ng5 18. Bxg5 Bxg5 19. Rad1 Kc7 20. Kg3
Rhf8 21. Rh1 h6 22. e6 Nc5 23. Ne3 Bxe3 24. fxe3 Rfe8 25. e5 Nxe6 26. Rd6 Nc5
27. Rg6 Re7 28. f4 Rd8 29. Rd1 Nd3 30. Rd6 1-0

[Event "C.to Provinciale AT"]
[Site "Asti ITA"]
[Date "2007.03.25"]
[Round "6"]
[White "Viglino, Antonio"]
[Black "Forno, Roberto"]
[Result "0-1"]
[WhiteElo "1818"]
[BlackElo "1955"]
[PlyCount "59"]
[EventDate "2007.03.22"]

1. Nf3 d5 2. d4 Nf6 3. c4 e6 4. g3 c6 5. Bg2 Nbd7 6. O-O Bd6 7. b3 O-O 8. Bb2
Re8 9. Nbd2 e5 10. dxe5 Nxe5 11. Nxe5 Bxe5 12. Bxe5 Rxe5 13. e3 Bg4 14. Nf3 Rh5
15. h4 Rf5 16. Qd3 Rxf3 17. Bxf3 Bxf3 18. Qf5 Be4 19. Qf4 Qd7 20. f3 Bg6 21. g4
Re8 22. h5 Bd3 23. Rfd1 Be4 24. fxe4 Rxe4 25. Qb8+ Ne8 26. Rd2 Qxg4+ 27. Rg2
Qxh5 28. Qg3 Qh6 29. Kf2 Qf6+ 30. Qf3 0-1

[Event "XVI Weekend A"]
[Site "Ceriano Laghetto ITA"]
[Date "2007.03.30"]
[Round "1"]
[White "Bozzali, Ermanno"]
[Black "Barlocco, Carlo"]
[Result "1-0"]
[WhiteElo "2062"]
[BlackElo "2183"]
[PlyCount "125"]
[EventDate "2007.03.30"]

1. d4 g6 2. e4 Bg7 3. Nf3 d6 4. h3 Nc6 5. Nc3 e5 6. Be3 exd4 7. Nxd4 Nf6 8. Bb5
Bd7 9. O-O O-O 10. Nxc6 Bxc6 11. Bxc6 bxc6 12. Qd3 Qb8 13. Rab1 Nd7 14. f4 Re8
15. Rfe1 Qb7 16. e5 Nf8 17. exd6 cxd6 18. Ne4 Rad8 19. Bd4 d5 20. Nf6+ Bxf6 21.
Bxf6 Rxe1+ 22. Rxe1 Rd6 23. Be5 Re6 24. Re3 Qb6 25. Qd4 f6 26. Qxb6 axb6 27.
Bd4 Rxe3 28. Bxe3 c5 29. b4 d4 30. Bf2 Ne6 31. bxc5 bxc5 32. a4 Nxf4 33. a5 Nd5
34. a6 Nc7 35. a7 Kf7 36. Bg3 Na8 37. Bd6 c4 38. Bc5 d3 39. cxd3 cxd3 40. Kf2
Ke6 41. Ke3 Kd5 42. Be7 Kc4 43. Bxf6 Nc7 44. Kd2 Na8 45. g4 Nb6 46. g5 Na8 47.
Bc3 Nb6 48. Be5 Na8 49. Bc3 Nb6 50. Be5 Kd5 51. Bc7 Na8 52. Ba5 Kc4 53. Bd8 Kd4
54. Ba5 Kc4 55. Ke3 Kb5 56. Be1 Kb6 57. Kxd3 Kxa7 58. Ke4 Kb7 59. Ke5 Kc6 60.
Kf6 Kd5 61. Kg7 Ke6 62. Ba5 Kf5 63. h4 1-0

[Event "XVI Weekend A"]
[Site "Ceriano Laghetto ITA"]
[Date "2007.03.30"]
[Round "1"]
[White "Brugo, Marco"]
[Black "Zacco, Remo"]
[Result "0-1"]
[WhiteElo "2085"]
[BlackElo "2011"]
[PlyCount "120"]
[EventDate "2007.03.30"]

1. d4 d6 2. e4 g6 3. c4 e5 4. d5 a5 5. Nc3 Bd7 6. Be2 Nf6 7. h4 h5 8. f3 Be7 9.
Be3 Na6 10. Qd2 Nc5 11. Bd1 a4 12. Nge2 b6 13. Nc1 O-O 14. Bh6 Re8 15. Bc2 c6
16. Nd3 cxd5 17. Nxc5 bxc5 18. exd5 e4 19. O-O-O Qb6 20. Nxe4 Nxe4 21. Bxe4 Bf6
22. Qc2 Reb8 23. Bxg6 Bxb2+ 24. Kd2 Qa5+ 25. Ke2 Bg7 26. Bh7+ Kh8 27. Bxg7+
Kxg7 28. Rb1 Re8+ 29. Kf2 Re5 30. Rb7 Qd8 31. Bd3 Qe7 32. Rbb1 Re8 33. g3 f5
34. Qc3 Kg8 35. Rhe1 Re3 36. Qd2 f4 37. Rg1 Bg4 38. fxg4 fxg3+ 39. Rxg3 Qxh4
40. Rbg1 Qf6+ 41. Kg2 Rxg3+ 42. Kxg3 h4+ 43. Kh3 Qf3+ 44. Kxh4 Re3 45. Bf5 Qf4
46. Be6+ Kh7 47. Qxe3 Qxe3 48. Rg2 Qh6+ 49. Kg3 Kg7 50. Bf5 Qc1 51. Rc2 Qe3+
52. Kg2 Kf6 53. Rf2 Kg5 54. Rf3 Qe2+ 55. Rf2 Qxc4 56. Be6 Qe4+ 57. Kf1 c4 58.
Re2 Qd3 59. Ke1 c3 60. Rh2 Qg3+ 0-1

[Event "XVI Weekend A"]
[Site "Ceriano Laghetto ITA"]
[Date "2007.03.30"]
[Round "1"]
[White "Cazzaniga, Walter"]
[Black "Troiani, Mauro"]
[Result "1-0"]
[WhiteElo "2157"]
[BlackElo "2048"]
[PlyCount "109"]
[EventDate "2007.03.30"]

1. d4 d5 2. c4 c6 3. Nf3 Nf6 4. Nc3 a6 5. c5 Nbd7 6. Bf4 Nh5 7. Bg5 h6 8. Bh4
g5 9. Bg3 Nxg3 10. hxg3 Bg7 11. e3 e5 12. g4 Qe7 13. Be2 O-O 14. Qc2 b6 15.
cxb6 Rb8 16. O-O Re8 17. Nxe5 Nxe5 18. dxe5 Bxe5 19. Na4 Bb7 20. Rad1 Bd6 21.
Bf3 Qe5 22. g3 Rf8 23. Rd4 f5 24. gxf5 Rxf5 25. Bg4 Rf6 26. Nc5 Bxc5 27. Qxc5
Rbf8 28. Rd2 Kg7 29. b4 Rh8 30. Qd4 Qxd4 31. Rxd4 h5 32. Bh3 Rhf8 33. f4 g4 34.
Bg2 Re8 35. Re1 Rfe6 36. Kf2 R6e7 37. a4 Kf6 38. a5 Kf5 39. Bf1 Kf6 40. Bd3 Rc8
41. e4 c5 42. e5+ Kg7 43. bxc5 Rxc5 44. f5 Re8 45. f6+ Kf7 46. e6+ Kxf6 47.
Rf4+ Ke7 48. Rf7+ Kd6 49. Rxb7 Rxa5 50. Rd7+ Kc6 51. Rc1+ Kxb6 52. e7 Ra2+ 53.
Kg1 Ra3 54. Bg6 Rxg3+ 55. Kf2 1-0

[Event "XVI Weekend A"]
[Site "Ceriano Laghetto ITA"]
[Date "2007.03.30"]
[Round "1"]
[White "Di Lascio, Savino"]
[Black "Lapiccirella, Daniele"]
[Result "1/2-1/2"]
[WhiteElo "2041"]
[BlackElo "2153"]
[PlyCount "107"]
[EventDate "2007.03.30"]

1. Nf3 d5 2. g3 Nf6 3. Bg2 c6 4. d3 Bg4 5. h3 Bxf3 6. Bxf3 e5 7. g4 Bc5 8. g5
Nfd7 9. e4 dxe4 10. Bxe4 Nf8 11. c3 Ne6 12. Qg4 Nd7 13. h4 a5 14. a4 Be7 15.
Rh3 Ndc5 16. Nd2 Qc7 17. Bf5 Nf4 18. Rf3 g6 19. Be4 h5 20. Qg3 Nxe4 21. Nxe4
Nd5 22. Be3 Nxe3 23. fxe3 O-O-O 24. Rd1 Rhf8 25. Qf2 Bd6 26. Rf6 Rd7 27. Ke2
Rfd8 28. Nxd6+ Rxd6 29. Rxf7 Qb6 30. Rd2 Qb3 31. Rf8 Qxa4 32. Rxd8+ Rxd8 33. e4
Qa1 34. Qf6 Qg1 35. Qe6+ Rd7 36. Qh3 Kc7 37. Rd1 Qb6 38. Rd2 Rf7 39. Qg3 Qb5
40. Ke3 a4 41. d4 Re7 42. Rf2 Kb6 43. dxe5 Rxe5 44. Rf6 Qc5+ 45. Kf3 a3 46.
bxa3 Qxc3+ 47. Kg2 Qc2+ 48. Qf2+ Qxf2+ 49. Kxf2 Rxe4 50. Kg3 Re3+ 51. Kg2 Re4
52. Kg3 Re3+ 53. Kg2 Re4 54. Kg3 1/2-1/2

[Event "XVI Weekend A"]
[Site "Ceriano Laghetto ITA"]
[Date "2007.03.30"]
[Round "1"]
[White "Johansson, Alexander"]
[Black "Valsecchi, Alessio"]
[Result "1/2-1/2"]
[WhiteElo "2018"]
[BlackElo "2096"]
[PlyCount "110"]
[EventDate "2007.03.30"]

1. d4 Nf6 2. Nf3 g6 3. Bg5 Bg7 4. Nc3 c5 5. Qd2 cxd4 6. Nxd4 Nc6 7. Nb3 d6 8.
O-O-O O-O 9. e4 Be6 10. Bxf6 Bxf6 11. Nd5 Bg7 12. Kb1 a6 13. h4 b5 14. h5 Rc8
15. f4 a5 16. h6 Bh8 17. f5 Bxd5 18. exd5 Ne5 19. Nd4 Qb6 20. Rh3 Rc5 21. fxg6
fxg6 22. Ne6 Rf5 23. Nxc5 Qxc5 24. Qxa5 Qd4 25. Be2 Qe4 26. Bf3 Nxf3 27. Rxf3
Rxf3 28. gxf3 Qxf3 29. Re1 Bf6 30. Qxb5 Kf7 31. a4 g5 32. a5 g4 33. a6 g3 34.
a7 Qf2 35. a8=Q Qxe1+ 36. Ka2 Kg6 37. Qd3+ Kxh6 38. Qf8+ Kg5 39. Qg8+ Kf4 40.
Qc4+ Kf3 41. Qgg4+ Kg2 42. c3 Kg1 43. Qd3 g2 44. Qgf3 Be5 45. Qc2 Qf1 46. Qe3+
Kh1 47. Qxh7+ Bh2 48. Qhe4 Qa6+ 49. Kb3 Qf1 50. Kc2 Be5 51. b4 Bh2 52. Q3f3 Kg1
53. b5 Qf2+ 54. Qxf2+ Kxf2 55. Qd4+ Kf3 1/2-1/2

[Event "XVI Weekend A"]
[Site "Ceriano Laghetto ITA"]
[Date "2007.03.30"]
[Round "1"]
[White "Mastroddi, Emiliano"]
[Black "Cavallini, Gianfranco"]
[Result "0-1"]
[WhiteElo "2106"]
[BlackElo "2020"]
[PlyCount "106"]
[EventDate "2007.03.30"]

1. e4 g6 2. d4 Bg7 3. Nc3 c6 4. f4 d5 5. e5 Na6 6. Nf3 Nc7 7. Be3 b5 8. Bd3 Nh6
9. h3 f5 10. exf6 exf6 11. Qd2 Bf5 12. g4 Bxd3 13. Qxd3 f5 14. Rg1 Qd7 15. Ne5
Qe6 16. Qe2 O-O-O 17. O-O-O Kb7 18. Nb1 Bxe5 19. fxe5 Nf7 20. Rdf1 Rd7 21. gxf5
gxf5 22. Qh5 Nd6 23. Nd2 Nc4 24. Nxc4 dxc4 25. Qxf5 Qd5 26. Qf3 c3 27. Qxd5
Nxd5 28. Bh6 Re8 29. Rf3 Re6 30. Bf8 b4 31. Bc5 a5 32. a3 Ka6 33. Rg8 cxb2+ 34.
Kxb2 Kb5 35. axb4 axb4 36. Kb3 Rb7 37. Rgf8 Rg6 38. Bxb4 Nxb4 39. R8f7 Rxf7 40.
Rxf7 Rg3+ 41. c3 Nd5 42. Rb7+ Ka5 43. Ra7+ Kb6 44. Rxh7 Rxc3+ 45. Kb2 Rd3 46.
Rh4 Re3 47. Kc2 Kb5 48. Rh6 Nb4+ 49. Kd2 Rd3+ 50. Kc1 Rxd4 51. e6 Re4 52. h4
Kc4 53. h5 Kc3 0-1

[Event "XVI Weekend A"]
[Site "Ceriano Laghetto ITA"]
[Date "2007.03.30"]
[Round "1"]
[White "Raineri, Valerio"]
[Black "Pelizzola, Danilo"]
[Result "0-1"]
[WhiteElo "2143"]
[BlackElo "2035"]
[PlyCount "142"]
[EventDate "2007.03.30"]

1. e4 e5 2. Nf3 Nc6 3. Bb5 a6 4. Ba4 Nf6 5. d3 d6 6. c3 Be7 7. Nbd2 O-O 8. Nf1
b5 9. Bc2 d5 10. Qe2 Re8 11. Ng3 Bf8 12. O-O g6 13. h3 Bb7 14. a4 Bg7 15. Nh2
b4 16. Bd2 a5 17. Rfd1 d4 18. cxb4 axb4 19. Rf1 Ba6 20. Rac1 Qd6 21. f4 Rf8 22.
f5 Na5 23. b3 h6 24. Ng4 Kh7 25. Rf3 g5 26. Nxf6+ Bxf6 27. Nh5 c5 28. Rg3 Bd8
29. Qg4 f6 30. h4 Bc8 31. Rh3 Rg8 32. Rf1 Qf8 33. Rff3 Ra7 34. Rfg3 Kh8 35. Rh1
Rh7 36. Rgh3 Qf7 37. hxg5 fxg5 38. Ng3 Kg7 39. f6+ Bxf6 40. Nh5+ Kh8 41. Nxf6
Bxg4 42. Nxg4 h5 43. Nxe5 Qe6 44. Rxh5 Rgg7 45. Nf3 Rxh5 46. Rxh5+ Kg8 47. Bxg5
Rh7 48. Rxh7 Kxh7 49. Bd8 Qh6 50. Bg5 Qa6 51. e5 Kg6 52. Bf6 Qe6 53. Nh4+ Kf7
54. Bd1 Nxb3 55. Bh5+ Kg8 56. Ng6 Na5 57. Ne7+ Kh7 58. g4 Qxe7 59. Bxe7 b3 60.
Bf7 c4 61. Ba3 c3 62. Kf2 b2 63. Ba2 Nc6 64. e6 Kg6 65. Kf3 Kf6 66. Ke4 Nb4 67.
Bxb4 c2 68. e7 c1=Q 69. e8=Q Qe3+ 70. Kd5 Qxe8 71. Kxd4 Qxa4 0-1

[Event "XVI Weekend A"]
[Site "Ceriano Laghetto ITA"]
[Date "2007.03.30"]
[Round "1"]
[White "Tomassoni, Leonardo"]
[Black "Gagliardi, Christian"]
[Result "0-1"]
[WhiteElo "2024"]
[BlackElo "2112"]
[PlyCount "82"]
[EventDate "2007.03.30"]

1. e4 g6 2. d4 Bg7 3. Nf3 d6 4. Be2 Nd7 5. Be3 c6 6. O-O Qc7 7. Nc3 Ngf6 8. Qd2
O-O 9. Bh6 e5 10. Bxg7 Kxg7 11. Rad1 Re8 12. dxe5 dxe5 13. Rfe1 Nc5 14. Qe3 Qb6
15. h3 Ncxe4 16. Qxb6 axb6 17. Nxe4 Nxe4 18. Bc4 f5 19. Nxe5 Rxe5 20. f3 b5 21.
Bb3 c5 22. c4 bxc4 23. Bxc4 Be6 24. Bxe6 Rxe6 25. fxe4 Rxa2 26. Rd7+ Kh6 27.
Rxb7 fxe4 28. Re3 Ra1+ 29. Kf2 Rc1 30. b3 Rc2+ 31. Kg1 Kg5 32. Rf7 h5 33. Rf1
h4 34. Rf7 Re5 35. Rf1 Rd2 36. g4 Rd3 37. Kf2 Red5 38. Rfe1 Rxe3 39. Rxe3 Kf4
40. Rc3 Rd3 41. Rxc5 Rxb3 0-1

[Event "XVI Weekend A"]
[Site "Ceriano Laghetto ITA"]
[Date "2007.03.31"]
[Round "2"]
[White "Cavallini, Gianfranco"]
[Black "Cazzaniga, Walter"]
[Result "1/2-1/2"]
[WhiteElo "2020"]
[BlackElo "2157"]
[PlyCount "149"]
[EventDate "2007.03.30"]

1. g3 Nf6 2. Bg2 d5 3. d3 g6 4. Nc3 Bg7 5. e4 dxe4 6. dxe4 Qxd1+ 7. Nxd1 O-O 8.
Ne2 e5 9. f3 Be6 10. Be3 Nc6 11. c3 Rad8 12. Nc1 Nd7 13. Nb3 b6 14. Kd2 Nc5+
15. Kc2 Nxb3 16. axb3 a5 17. Nf2 f5 18. Bh3 Kh8 19. Bg5 Rd7 20. Rad1 Rdf7 21.
Rhe1 a4 22. bxa4 Na5 23. Rd8 Bb3+ 24. Kb1 Rxd8 25. Bxd8 h6 26. exf5 gxf5 27. g4
Rd7 28. Bh4 Rd2 29. Bf1 Bc2+ 30. Ka2 fxg4 31. Nxg4 e4 32. fxe4 Bb3+ 33. Kb1 Be6
34. Ne3 Bxc3 35. Re2 Rxe2 36. Bxe2 Be5 37. Bg4 Bb3 38. Bd7 Bxh2 39. Bf6+ Kg8
40. Ng4 Bf4 41. Bc3 Kf7 42. Ne5+ Ke7 43. Bf5 Bg5 44. Ng6+ Kd8 45. Nf8 Nb7 46.
e5 Bxa4 47. Ne6+ Ke7 48. Nxc7 Bb3 49. Be4 Nc5 50. Bf3 Ne6 51. Nb5 Be3 52. Nd6
Kd7 53. Bg4 Kc6 54. Nf5 Bg5 55. Bh5 Bd5 56. Be8+ Kc7 57. Nd6 Kd8 58. Bb5 h5 59.
Nf7+ Ke7 60. Nxg5 Nxg5 61. Bd2 Nf3 62. Be3 h4 63. Bf1 b5 64. Bg2 Ke6 65. Bf4
Kf5 66. Bxf3 Bxf3 67. Bh2 Kg4 68. Kc2 Bc6 69. Kc3 Kf3 70. Kd4 Ke2 71. Kc5 Be8
72. e6 Kd3 73. Kd6 h3 74. Ke7 Bh5 75. Kd8 1/2-1/2

[Event "XVI Weekend A"]
[Site "Ceriano Laghetto ITA"]
[Date "2007.03.31"]
[Round "2"]
[White "Gagliardi, Christian"]
[Black "Bozzali, Ermanno"]
[Result "1/2-1/2"]
[WhiteElo "2112"]
[BlackElo "2062"]
[PlyCount "31"]
[EventDate "2007.03.30"]

1. e4 c5 2. Nf3 d6 3. d4 cxd4 4. Nxd4 Nf6 5. Nc3 a6 6. Be3 e5 7. Nb3 Be6 8. f3
Nbd7 9. Qd2 b5 10. a4 b4 11. Na2 d5 12. Nxb4 d4 13. Nxd4 Bxb4 14. Qxb4 exd4 15.
Bxd4 Qe7 16. Qxe7+ 1/2-1/2

[Event "XVI Weekend A"]
[Site "Ceriano Laghetto ITA"]
[Date "2007.03.31"]
[Round "2"]
[White "Galli, Fabio"]
[Black "Mastroddi, Emiliano"]
[Result "1/2-1/2"]
[WhiteElo "2066"]
[BlackElo "2106"]
[PlyCount "32"]
[EventDate "2007.03.30"]

1. e4 e5 2. Nf3 Nc6 3. Bb5 Nf6 4. O-O Nxe4 5. Re1 Nd6 6. Nxe5 Nxe5 7. Rxe5+ Be7
8. Bf1 O-O 9. d4 Bf6 10. Re1 Nf5 11. c3 d5 12. Bf4 c6 13. Nd2 Nh4 14. h3 Be6
15. Be5 Bxe5 16. Rxe5 Ng6 1/2-1/2

[Event "XVI Weekend A"]
[Site "Ceriano Laghetto ITA"]
[Date "2007.03.31"]
[Round "2"]
[White "Lapiccirella, Daniele"]
[Black "Johansson, Alexander"]
[Result "1-0"]
[WhiteElo "2153"]
[BlackElo "2018"]
[PlyCount "69"]
[EventDate "2007.03.30"]

1. d4 Nf6 2. c4 e6 3. Bg5 Be7 4. Nc3 d5 5. cxd5 exd5 6. e3 O-O 7. Bd3 Nbd7 8.
Qc2 c6 9. Nf3 h6 10. Bf4 b5 11. O-O Bb7 12. h3 Rc8 13. Rad1 a6 14. Bf5 Qb6 15.
Ne5 Rfd8 16. Qe2 Ra8 17. Nxd7 Nxd7 18. Bxh6 Nf6 19. Bg5 g6 20. Bb1 Kg7 21. Bf4
a5 22. Rfe1 Re8 23. Be5 a4 24. Qf3 b4 25. Ne2 c5 26. g4 Kg8 27. dxc5 Qe6 28.
Bd4 Ne4 29. Nf4 Qc8 30. Bxe4 dxe4 31. Qg3 Ra5 32. Rc1 Bc6 33. Red1 g5 34. Nh5
Qe6 35. Ng7 1-0

[Event "XVI Weekend A"]
[Site "Ceriano Laghetto ITA"]
[Date "2007.03.31"]
[Round "2"]
[White "Pelizzola, Danilo"]
[Black "Salvador, Roland"]
[Result "0-1"]
[WhiteElo "2035"]
[BlackElo "2450"]
[PlyCount "50"]
[EventDate "2007.03.30"]

1. e4 c5 2. Nf3 Nc6 3. d4 cxd4 4. Nxd4 e5 5. Nb5 d6 6. N1c3 a6 7. Na3 Be6 8.
Nc4 Rb8 9. Ne3 Nf6 10. Be2 b5 11. a3 Nd4 12. O-O Qc8 13. Kh1 Be7 14. f4 h5 15.
f5 Nxe2 16. Qxe2 Bc4 17. Nxc4 bxc4 18. Rb1 h4 19. Bg5 Nh5 20. Bxe7 Ng3+ 21.
hxg3 hxg3+ 22. Kg1 Qc5+ 23. Rf2 gxf2+ 24. Qxf2 Rh1+ 25. Kxh1 Qxf2 0-1

[Event "XVI Weekend A"]
[Site "Ceriano Laghetto ITA"]
[Date "2007.03.31"]
[Round "2"]
[White "Troiani, Mauro"]
[Black "Brugo, Marco"]
[Result "0-1"]
[WhiteElo "2048"]
[BlackElo "2085"]
[PlyCount "86"]
[EventDate "2007.03.30"]

1. d4 Nf6 2. c4 c5 3. d5 e6 4. Nc3 exd5 5. cxd5 d6 6. e4 g6 7. f4 Bg7 8. Bb5+
Nfd7 9. a4 O-O 10. Nf3 Na6 11. O-O Nc7 12. Bxd7 Bxd7 13. f5 gxf5 14. Bg5 Qc8
15. Nh4 Bxc3 16. bxc3 fxe4 17. Bh6 f5 18. Qd2 Rf7 19. c4 Qd8 20. Bg5 Qe8 21.
Ra3 Qe5 22. Bf4 Qd4+ 23. Qxd4 cxd4 24. Bxd6 Ne8 25. Rg3+ Rg7 26. Rxg7+ Nxg7 27.
Be5 d3 28. Rb1 b6 29. a5 Rc8 30. Kf2 Rxc4 31. axb6 axb6 32. Rxb6 e3+ 33. Kxe3
Re4+ 34. Kxd3 Rxe5 35. d6 Ne8 36. Rb7 Rd5+ 37. Kc3 Nxd6 38. Nf3 Ne4+ 39. Kc4
Be6 40. Kb4 Bf7 41. Rc7 h6 42. Re7 Nc5 43. Ne5 Rxe5 0-1

[Event "XVI Weekend A"]
[Site "Ceriano Laghetto ITA"]
[Date "2007.03.31"]
[Round "2"]
[White "Valsecchi, Alessio"]
[Black "Raineri, Valerio"]
[Result "1/2-1/2"]
[WhiteElo "2096"]
[BlackElo "2143"]
[PlyCount "51"]
[EventDate "2007.03.30"]

1. e4 e5 2. Nf3 Nc6 3. Bb5 a6 4. Ba4 Nge7 5. c3 d6 6. d4 Bd7 7. O-O Ng6 8. Re1
Be7 9. Nbd2 O-O 10. Nf1 Qe8 11. Bc2 Bg4 12. d5 Nh4 13. dxc6 Bxf3 14. gxf3 Qc8
15. cxb7 Qh3 16. Ne3 Bg5 17. f4 Bxf4 18. Qg4 Nf3+ 19. Qxf3 Qxf3 20. bxa8=Q Rxa8
21. Ng2 g5 22. Bxf4 gxf4 23. Rad1 Qg4 24. Kh1 Qf3 25. Kg1 Qg4 26. Kh1 1/2-1/2

[Event "XVI Weekend A"]
[Site "Ceriano Laghetto ITA"]
[Date "2007.03.31"]
[Round "2"]
[White "Zacco, Remo"]
[Black "Di Lascio, Savino"]
[Result "0-1"]
[WhiteElo "2011"]
[BlackElo "2041"]
[PlyCount "76"]
[EventDate "2007.03.30"]

1. e4 c6 2. d4 d5 3. exd5 cxd5 4. c4 Nf6 5. Nc3 Nc6 6. Nf3 e6 7. Be2 Be7 8. O-O
O-O 9. b3 Ne4 10. Bb2 f5 11. Ne5 Nxe5 12. dxe5 Qa5 13. Nb5 a6 14. f3 Bc5+ 15.
Nd4 Nc3 16. Qd2 Bxd4+ 17. Kh1 Bxe5 18. f4 Bf6 19. cxd5 exd5 20. Rac1 d4 21.
Bc4+ Kh8 22. Rf3 Qc7 23. Bd3 Be6 24. Rh3 Qd7 25. Re1 Rfe8 26. Bc2 Rad8 27. Rf1
Bd5 28. Bd3 Be4 29. Kg1 Bxd3 30. Rxd3 Re2 31. Qc1 Qc6 32. Rff3 Rde8 33. Bxc3
dxc3 34. Rd1 c2 35. Rdf1 Bd4+ 36. Kh1 Be3 37. Qa3 c1=Q 38. Rxc1 Bxc1 0-1

[Event "XVI Weekend A"]
[Site "Ceriano Laghetto ITA"]
[Date "2007.03.31"]
[Round "3"]
[White "Bozzali, Ermanno"]
[Black "Cavallini, Gianfranco"]
[Result "0-1"]
[WhiteElo "2062"]
[BlackElo "2020"]
[PlyCount "86"]
[EventDate "2007.03.30"]

1. d4 g6 2. e4 c6 3. Nc3 Na6 4. f4 Nc7 5. Be3 d5 6. e5 h5 7. h3 Nh6 8. g3 Nf5
9. Bf2 Ne6 10. Qd2 Bh6 11. h4 Qa5 12. Nf3 Bd7 13. O-O-O O-O-O 14. Kb1 Nc7 15.
Be2 Kb8 16. Rdg1 Bf8 17. Ng5 Nh6 18. Qd1 Bf5 19. Be1 e6 20. Nce4 Qb6 21. Nc3 c5
22. Na4 Qc6 23. Nxc5 Bxc5 24. dxc5 Qxc5 25. Bd3 Rd7 26. Bxf5 Nxf5 27. Qd3 Na6
28. Rg2 Rc8 29. Bf2 Qa5 30. a3 Rc4 31. g4 hxg4 32. h5 gxh5 33. Rxh5 Rxf4 34.
Rh8+ Kc7 35. Bxa7 b6 36. b4 Nxb4 37. Qc3+ Rc4 38. Bb8+ Kb7 39. axb4 Qa4 40. Qb3
Rxb4 41. Bd6 Nxd6 42. exd6 Rxb3+ 43. cxb3 Qf4 0-1

[Event "XVI Weekend A"]
[Site "Ceriano Laghetto ITA"]
[Date "2007.03.31"]
[Round "3"]
[White "Cazzaniga, Walter"]
[Black "Gagliardi, Christian"]
[Result "1-0"]
[WhiteElo "2157"]
[BlackElo "2112"]
[PlyCount "73"]
[EventDate "2007.03.30"]

1. d4 g6 2. c4 Bg7 3. Nc3 d6 4. e4 Nf6 5. Nf3 O-O 6. Be2 Na6 7. O-O c5 8. d5
Nc7 9. h3 a6 10. a4 b6 11. Re1 Bd7 12. e5 Nfe8 13. Bf1 b5 14. axb5 axb5 15.
Rxa8 Qxa8 16. cxb5 Qa5 17. Bd2 Qa8 18. Bc4 e6 19. Bg5 exd5 20. Nxd5 Be6 21.
Nxc7 Nxc7 22. exd6 Bxc4 23. dxc7 Bxb5 24. Bd8 Qc6 25. Qc2 Ba6 26. Ne5 Qd5 27.
Nc4 Rxd8 28. cxd8=Q+ Qxd8 29. Qa4 Bxc4 30. Re8+ Qxe8 31. Qxe8+ Bf8 32. g4 Be6
33. f4 Bd5 34. Qd8 Be6 35. Kf2 Kg7 36. f5 Bc4 37. b4 1-0

[Event "XVI Weekend A"]
[Site "Ceriano Laghetto ITA"]
[Date "2007.03.31"]
[Round "3"]
[White "Di Lascio, Savino"]
[Black "Barlocco, Carlo"]
[Result "0-1"]
[WhiteElo "2041"]
[BlackElo "2183"]
[PlyCount "108"]
[EventDate "2007.03.30"]

1. Nf3 g6 2. g3 Bg7 3. Bg2 c6 4. d3 e5 5. O-O d5 6. Nbd2 Ne7 7. e4 O-O 8. Re1
Qc7 9. Qe2 d4 10. h4 Bg4 11. Nf1 c5 12. N1h2 Bxf3 13. Bxf3 Nbc6 14. h5 Nd8 15.
Ng4 Rc8 16. Nh6+ Kh8 17. hxg6 fxg6 18. Bg4 Rb8 19. Bh3 Nf7 20. Nxf7+ Rxf7 21.
Be6 Rf6 22. Bb3 b5 23. Kg2 Rc6 24. Bg5 c4 25. dxc4 bxc4 26. Ba4 Ra6 27. b3 Nc8
28. Qg4 Nb6 29. Bb5 Ra3 30. Bc1 Ra5 31. a4 Bf8 32. Rh1 a6 33. Bxc4 Nxc4 34.
bxc4 Qf7 35. Rh2 Rc5 36. Ba3 Rxc4 37. Bxf8 Rxc2 38. Kg1 Rxf8 39. f4 Rxh2 40.
Kxh2 exf4 41. gxf4 Qxf4+ 42. Qxf4 Rxf4 43. e5 Re4 44. Rd1 Kg7 45. Kg3 g5 46.
Kf3 Rf4+ 47. Ke2 Kg6 48. Kd3 h5 49. e6 Kf6 50. Re1 Ke7 51. Re5 Rg4 52. Ra5 h4
53. Rxa6 h3 54. Kc4 h2 0-1

[Event "XVI Weekend A"]
[Site "Ceriano Laghetto ITA"]
[Date "2007.03.31"]
[Round "3"]
[White "Johansson, Alexander"]
[Black "Galli, Fabio"]
[Result "0-1"]
[WhiteElo "2018"]
[BlackElo "2066"]
[PlyCount "76"]
[EventDate "2007.03.30"]

1. d4 d5 2. Nf3 Nf6 3. Bg5 e6 4. e3 c6 5. Nbd2 Nbd7 6. Bd3 Qc7 7. O-O Bd6 8.
Qe2 b6 9. c3 Bb7 10. Rfe1 c5 11. e4 dxe4 12. Nxe4 Nxe4 13. Bxe4 Bxe4 14. Qxe4
O-O 15. Bh4 Rfe8 16. g4 Nf8 17. g5 Ng6 18. Bg3 Rad8 19. Ne5 Bxe5 20. Bxe5 Nxe5
21. dxe5 Rd2 22. h4 Qd7 23. h5 Rxb2 24. Re3 Rd2 25. Rae1 Rd1 26. Qf4 Rxe1+ 27.
Rxe1 Rd8 28. h6 Qd2 29. Re3 Qd1+ 30. Kg2 Qh5 31. Rh3 Qg6 32. hxg7 Qf5 33. Qh4
Rd3 34. Rxd3 Qxd3 35. Qh6 Qe4+ 36. Kf1 Qxe5 37. Qf6 Qxf6 38. gxf6 b5 0-1

[Event "XVI Weekend A"]
[Site "Ceriano Laghetto ITA"]
[Date "2007.03.31"]
[Round "3"]
[White "Mastroddi, Emiliano"]
[Black "Raineri, Valerio"]
[Result "0-1"]
[WhiteElo "2106"]
[BlackElo "2143"]
[PlyCount "60"]
[EventDate "2007.03.30"]

1. e4 e5 2. Nf3 Nc6 3. d4 exd4 4. Nxd4 Bc5 5. Be3 Qf6 6. Nb5 Bxe3 7. fxe3 Qh4+
8. g3 Qd8 9. Qg4 g5 10. N1c3 d6 11. Qe2 a6 12. Nd4 Ne5 13. h3 Nf6 14. O-O-O Be6
15. Qf2 c5 16. Nxe6 fxe6 17. Rxd6 Qxd6 18. Qxf6 Rf8 19. Qxg5 Nf7 20. Qh4 Qe7
21. Qxh7 Qg5 22. Bb5+ axb5 23. Rf1 Qxe3+ 24. Kb1 Qh6 25. Qxh6 Nxh6 26. Rg1 b4
27. Nb5 Kd7 28. Rd1+ Kc6 29. c4 bxc3 30. Nxc3 Rad8 0-1

[Event "XVI Weekend A"]
[Site "Ceriano Laghetto ITA"]
[Date "2007.03.31"]
[Round "3"]
[White "Salvador, Roland"]
[Black "Lapiccirella, Daniele"]
[Result "1/2-1/2"]
[WhiteElo "2450"]
[BlackElo "2153"]
[PlyCount "82"]
[EventDate "2007.03.30"]

1. d4 d5 2. c4 c6 3. Nf3 Nf6 4. Nc3 e6 5. e3 Nbd7 6. Qc2 Bd6 7. b3 O-O 8. Be2
b6 9. O-O Bb7 10. Bb2 Re8 11. Rad1 Qe7 12. e4 dxe4 13. Nxe4 Nxe4 14. Qxe4 Nf6
15. Qc2 c5 16. Rfe1 cxd4 17. Bxd4 Bb4 18. Rf1 Rad8 19. Qb2 Bc5 20. Bxc5 Qxc5
21. b4 Qc6 22. a4 a5 23. bxa5 bxa5 24. Qb5 Qc7 25. c5 Nd5 26. Rc1 Bc6 27. Qb3
Nf4 28. Bb5 Rb8 29. Rfe1 Red8 30. Rc3 Nd5 31. Rc4 Nb4 32. Bxc6 Nxc6 33. Qc2 Rd5
34. Qe4 h6 35. g3 Rb4 36. Rec1 Rxc5 37. Qd3 Rbxc4 38. Rxc4 Rxc4 39. Qxc4 Qd6
40. h4 Qd5 41. Qe2 g6 1/2-1/2